The noble scholar, jurist, historian


 His Excellency Dr. Abdul Wahhab bin Ibrahim Abu Sulaiman, may Allah have mercy on him.


 He was born in Umm Al-Qura in the year 1356 AH.

ببليوجرافيا الدراسات الغربية حول البداوة في الأقطار العربية / (Record no. 12365)

MARC details
000 -LEADER
fixed length control field 01499cam a22003131i 4500
003 - CONTROL NUMBER IDENTIFIER
control field SA-RiAUC
005 - DATE AND TIME OF LATEST TRANSACTION
control field 20251004164020.0
008 - FIXED-LENGTH DATA ELEMENTS--GENERAL INFORMATION
fixed length control field 250929s1997 su f b f00000 ara c
020 ## - INTERNATIONAL STANDARD BOOK NUMBER
International Standard Book Number 9960001083
020 ## - INTERNATIONAL STANDARD BOOK NUMBER
International Standard Book Number 1300000121
040 ## - CATALOGING SOURCE
Original cataloging agency SA-MaUQU
Language of cataloging ara
Transcribing agency SA-RiAUC
Description conventions rda
043 ## - GEOGRAPHIC AREA CODE
Geographic area code ma-----
082 04 - DEWEY DECIMAL CLASSIFICATION NUMBER
Classification number 016.307
Assigning agency SA-RiAUC
090 ## - LOCALLY ASSIGNED LC-TYPE CALL NUMBER (OCLC); LOCAL CALL NUMBER (RLIN)
Classification number (OCLC) (R) ; Classification number, CALL (RLIN) (NR) 016.307
Local cutter number (OCLC) ; Book number/undivided call number, CALL (RLIN) ب ا ق
100 1# - MAIN ENTRY--PERSONAL NAME
Personal name باقادر، أبو بكر أحمد،
Dates associated with a name 1369 هجري-
Relator term مؤلف.
245 10 - TITLE STATEMENT
Title ببليوجرافيا الدراسات الغربية حول البداوة في الأقطار العربية /
Statement of responsibility, etc. إعداد أبي بكر أحمد باقادر ؛ مراجعة عبد الله سعيد باخشوين.
264 #1 - PRODUCTION, PUBLICATION, DISTRIBUTION, MANUFACTURE, AND COPYRIGHT NOTICE
Place of production, publication, distribution, manufacture الرياض :
Name of producer, publisher, distributor, manufacturer مكتبة الملك فهد الوطنية،
Date of production, publication, distribution, manufacture, or copyright notice 1997.
300 ## - PHYSICAL DESCRIPTION
Extent 390 صفحة ؛
Dimensions 24 × 17 سم.
336 ## - CONTENT TYPE
Content type term نص
Content type code txt
Source rdacontent
Materials specified كتاب
337 ## - MEDIA TYPE
Media type term بدون وسيط
Media type code n
Source rdamedia
338 ## - CARRIER TYPE
Carrier type term مجلد
Carrier type code nc
Source rdacarrier
490 1# - SERIES STATEMENT
Series statement مطبوعات مكتبة الملك فهد الوطنية.
-- السلسلة الثالثة ؛
Volume/sequential designation 13
650 #7 - SUBJECT ADDED ENTRY--TOPICAL TERM
Topical term or geographic name entry element البدو
Geographic subdivision البلاد العربية
Form subdivision ببليوجرافيات
Source of heading or term aucsh
650 #7 - SUBJECT ADDED ENTRY--TOPICAL TERM
Topical term or geographic name entry element القبائل
Geographic subdivision البلاد العربية
Form subdivision ببليوجرافيات
Source of heading or term aucsh
700 1# - ADDED ENTRY--PERSONAL NAME
Personal name باخشوين، عبد الله سعيد
Relator term مراجع.
830 #0 - SERIES ADDED ENTRY--UNIFORM TITLE
Uniform title مطبوعات مكتبة الملك فهد الوطنية.
Name of part/section of a work السلسلة الثالثة
Volume/sequential designation 13
942 ## - ADDED ENTRY ELEMENTS (KOHA)
Source of classification or shelving scheme Dewey Decimal Classification
Koha item type Books
Suppress in OPAC No
949 ## - LOCAL PROCESSING INFORMATION (OCLC)
a SA-JeALM
d 250929
u mohamedma123
n 1
Holdings
Withdrawn status Lost status Source of classification or shelving scheme Damaged status Not for loan Home library Current library Date acquired Total checkouts Full call number Barcode Date last seen Price effective from Koha item type
    Dewey Decimal Classification     DR AbdElwahab Library DR AbdElwahab Library 10/04/2025   016.307 ب ا ق 000019871 10/04/2025 10/04/2025 Books